Statistics for All car brands in Forza Horizon 5

Click here to take the quiz!

General Stats

  • This quiz has been taken 75 times
    (67 since last reset)
  • The average score is 26 of 109

Answer Stats

Answer% Correct
BMW
70%
Audi
68%
Ferrari
68%
Ford
68%
Mercedes-Benz
65%
Aston Martin
63%
Lamborghini
60%
Toyota
60%
Acura
55%
Bugatti
55%
Chevrolet
50%
GMC
50%
Volkswagen
50%
Mclaren
48%
Dodge
45%
Honda
45%
Lexus
45%
Mercedes-AMG
43%
Nissan
43%
Porsche
43%
Bentley
40%
Lotus
40%
Opel
40%
AMC
38%
Jeep
38%
Land Rover
38%
Subaru
38%
Hyundai
35%
Koenigsegg
35%
Cadillac
33%
Renault
33%
Apollo
30%
Ariel
30%
Buick
30%
Formula Drift
30%
HOT WHEELS
30%
Jaguar
30%
Mazda
30%
Mini
30%
Volvo
30%
Zenvo
30%
Hoonigan
28%
Alpine
25%
BAC
25%
Maserati
25%
Holden
23%
Hummer
23%
Infiniti
23%
MG
23%
Rimac
23%
Shelby
23%
Alumi Craft
20%
Mitsubishi
20%
Peel
20%
Ram
20%
Austin-Healey
18%
Morgan
18%
Mosler
18%
Plymouth
18%
Pontiac
18%
Willys
18%
Ascari
15%
Donkervoort
15%
Hennessey
15%
HSV
15%
KTM
15%
Noble
15%
Oldsmobile
15%
Saleen
15%
TVR
15%
Vauxhall
15%
Funco Motorsports
13%
Radical
13%
Ultima
13%
Vuhl
13%
Auto Union
10%
Brabham
10%
Caterham
10%
Delorean
10%
LOLA
10%
Morris
10%
Napier
10%
Nio
10%
Wuling
10%
AMG Transport Dynamics
8%
ATS
8%
Datsun
8%
Forsberg Racing
8%
Local Motors
8%
Lynk & co
8%
Mercury
8%
Meyers
8%
Penhall
8%
Reliant
8%
RJ Anderson
8%
Eagle
5%
Exomotive
5%
Extreme E
5%
International
5%
Polaris
5%
Raesr
5%
Sierra Cars
5%
Xpeng
5%
CAN-AM
3%
Deberti
3%
Italdesign
3%
Schuppan
3%
Pagai
0%
Peueot
0%

Score Distribution

Percentile by Number Answered

Percent of People with Each Score

Your Score History

You have not taken this quiz since the last reset